|
|
|
|
| LEADER |
00000nam0a2200000 4500 |
| 001 |
161783 |
| 005 |
20231031160026.0 |
| 010 |
|
|
|a 5247014014
|
| 020 |
|
|
|a RU
|b 92-8311
|
| 035 |
|
|
|a (RuTPU)RU\TPU\book\175437
|
| 090 |
|
|
|a 161783
|
| 100 |
|
|
|a 20090613d1992 km a0rusy5003 ca
|
| 101 |
0 |
|
|a rus
|
| 102 |
|
|
|a RU
|
| 105 |
|
|
|a a g 001zy
|
| 200 |
1 |
|
|a Ремонт карьерных экскаваторов
|e справочник
|f Е. М. Титиевский [и др.]
|
| 210 |
|
|
|a Москва
|c Недра
|d 1992
|
| 215 |
|
|
|a 238 с.
|c ил.
|
| 225 |
1 |
|
|a Справочник
|
| 320 |
|
|
|a Библиогр.: с. 235.
|
| 320 |
|
|
|a Предм. указ.: с. 236.
|
| 610 |
1 |
|
|a карьерные экскаваторы
|
| 610 |
1 |
|
|a ремонт
|
| 610 |
1 |
|
|a экскаваторы
|
| 610 |
1 |
|
|a справочники
|
| 610 |
1 |
|
|a карьерный транспорт
|
| 610 |
1 |
|
|a устройство
|
| 610 |
1 |
|
|a монтаж
|
| 610 |
1 |
|
|a сборка
|
| 610 |
1 |
|
|a надежность
|
| 610 |
1 |
|
|a механизация
|
| 610 |
1 |
|
|a нормативная база
|
| 675 |
|
|
|a 622.271.4.002.5
|v 3
|
| 701 |
|
1 |
|a Титиевский
|b Е. М.
|
| 701 |
|
1 |
|a Щербань
|b И. Е.
|
| 701 |
|
1 |
|a Гохберг
|b Ю. Ш.
|
| 701 |
|
1 |
|a Субботин
|b С. В.
|
| 801 |
|
0 |
|a RU
|b RuMRKP
|c 19950417
|g psbo
|
| 801 |
|
1 |
|a RU
|b 63413507
|c 20090613
|g PSBO
|
| 801 |
|
2 |
|a RU
|b 63413507
|c 20190114
|g PSBO
|
| 942 |
|
|
|c BK
|